PROJECT MANAGEMENT: AMANGERIAL APPROACH / (Record no. 17035)
[ view plain ]
| 000 -الفاتح | |
|---|---|
| حقل البيانات ثابتة الطول | 00408nam a2200145Ia 4500 |
| 008 - عناصر البيانات ثابتة الطول - معلومات عامة | |
| حقل البيانات ثابتة الطول | 140319s9999 xx 000 0 eng d |
| 040 ## - مصدر الفهرسة | |
| وكالة الفهرسة الأصلية | GCL / |
| وكالة النسخ | GCL |
| 082 04 - رقم تصنيف ديوى العشرى | |
| رقم التصنيف | 658.409 |
| رقم المادة | M P |
| 100 1# - المدخل الرئيسى - إسم شخصى | |
| الإسم الشخصى | MEREDITH,JACK R. |
| 245 10 - بيان العنوان | |
| العنوان | PROJECT MANAGEMENT: AMANGERIAL APPROACH / |
| بيان المسئوليه,etc | MEREDITH,JACK R. |
| 700 1# - المدخل الاضافى - اسم شخصى | |
| الإسم الشخصى | MANTEL,JR.SAMUEL J. |
| 260 ## - PUBLICATION, DISTRIBUTION, ETC. (IMPRINT) | |
| تاريخ النشر أو التوزيع | 1989 |
| 300 ## - الوصف المادى | |
| التعداد | 767 |
| 260 ## - PUBLICATION, DISTRIBUTION, ETC. (IMPRINT) | |
| -- | [S.N] : |
| -- | JOHN WILEY AND SONS. INC ، |
| حالة التراجع | حالة الفقد | حالة تلف | ليس للاعارة | المكان المؤقت | الموقع الحالى | تاريخ الاكتساب | اجمالي اﻻعارات | رقم الطلب | الباركود | تاريخ اخر مشاهدة | تاريخ تفعيل السعر | نوع وعاء كوها |
|---|---|---|---|---|---|---|---|---|---|---|---|---|
| مكتبة القاهرة الكبرى | مكتبة القاهرة الكبرى | 03/26/2014 | 658.409\M P | 30756 | 03/26/2014 | 03/26/2014 | كتاب | |||||
| مكتبة القاهرة الكبرى | مكتبة القاهرة الكبرى | 03/26/2014 | 658.409\M P | 30757 | 03/26/2014 | 03/26/2014 | كتاب |

